000 00641nam a2200217Ia 4500
005 20250508164608.0
008 008 250505s9999 xx 000 0 eng d
037 _aTextual
040 _aFEDL
_beng
_cFEDL
041 _aeng
_2eng
084 _a375, REI
_qFEDL
100 _aReid William A Ed.
_9769698
245 0 _aCase studies in curriculum change : Great Britain and the United States
260 _aLondon, UK
_bRoutledge and Kegan Paul
_c1975
300 _axiv,268p.
365 _aGBP
_b5.95
546 _aMACESE
700 _a Walker Decker F Ed.
_9778560
942 _cTEXL
_h375, REI
999 _c1390041
_d1390041